Word Ladder: What Are Those Called? Quiz Stats

 Plays Quiz Updated Feb 3, 2016

Challenge
Share
Tweet
Embed
Score 0/16 Timer 02:00
0 Plays Today
Hint 4-Letter Word % Correct
Bottom of the faceCHIN
99.2%
Ice cream holderCONE
98.3%
Dime or penny, e. g.COIN
97.3%
Common sugar plantCANE
96.9%
'It ____ Upon a Midnight Clear'CAME
96%
Board, video, or card, e. g.GAME
94.6%
Dalai ____LAMA
94.4%
● Lean, slender ●☤THIN❧
94.2%
Hint 4-Letter Word % Correct
'Nutmeg' or 'Constitution' state (abbr.)CONN.
90.1%
Title for Judi Dench or EdnaDAME
89.6%
Beaver building projectsDAMS
88.8%
Pats lightly with napkinDABS
87.8%
Nickname for Barbra StreisandBABS
86.5%
Shiny fabricLAMÉ
85.8%
● 'Great' wrestler from Gujranwala ● ☤GAMA❧
82.5%
● Newhart, Costas, and Odenkirk, e. g. ●☤BOBS❧
79.1%

Today's Daily Dose

You're not logged in!

Compare scores with friends on all Sporcle quizzes.
Join for Free
OR
Log In

You Might Also Like...

Show Comments

Extras

Top Quizzes Today


Score Distribution

Your Account Isn't Verified!

In order to create a playlist on Sporcle, you need to verify the email address you used during registration. Go to your Sporcle Settings to finish the process.

Report this User

Report this user for behavior that violates our Community Guidelines.

Details: